[Event "1700-2000"]
[Site "SchemingMind.com"]
[Date "2009.05.24"]
[Round "-"]
[White "Siebold"]
[Black "Schaakmaatje"]
[Result "1-0"]
[WhiteCountry "NED"]
[BlackCountry "NED"]
[WhiteElo "1814"]
[WhiteRD "82"]
[BlackElo "1674"]
[BlackRD "50"]
[GameID "205869"]

1. d4 d5 2. e4 c5 3. exd5 Qxd5 4. Nf3 e6 5. Nc3 Qd8 6. Be3 cxd4 7. Nxd4 Bb4 8. Bb5+ Bd7 9. Qd3 a6 10. Bxd7+ Nxd7
11. O-O-O Ngf6 12. Ne4 Ne5 13. Qb3 Nd5 14. Bg5 Qa5 15. a3 Be7 16. Bxe7 Kxe7 17. Qg3 Ng6 18. Qd6+ Ke8 19. Nxe6 fxe6 20. Qxe6+ Nge7
21. Nd6+
1-0

[Event "1700-2000"]
[Site "SchemingMind.com"]
[Date "2009.05.28"]
[Round "-"]
[White "Siebold"]
[Black "iwegiel"]
[Result "0-1"]
[WhiteCountry "NED"]
[BlackCountry "POL"]
[WhiteElo "1771"]
[WhiteRD "84"]
[BlackElo "1952"]
[BlackRD "76"]
[GameID "205870"]

1. Nc3 d5 2. e4 d4 3. Nce2 e5 4. Ng3 c5 5. Bc4 Be7 6. Nf3 Nc6 7. O-O Nf6 8. a3 O-O 9. d3 a6 10. Ng5 b5
11. Ba2 Qe8 12. f4 h6 13. Nh3 Bxh3 14. gxh3 exf4 15. Bxf4 Nh7 16. Kh1 Bg5 17. Bxg5 Nxg5 18. Qg4 Ne5 19. Qe2 Nxh3 20. Nf5 c4
21. Qg2 Ng5 22. h4 Ne6 23. Nxh6+ Kh7 24. Ng4 Nxg4 25. Qxg4 Rc8 26. h5 Rh8 27. Rf5 Kg8 28. Raf1 f6 29. e5 Rc5 30. dxc4 bxc4
31. Rg1 Ng5 32. Bxc4+ Rxc4 33. Kg2 Rxc2+ 34. Kg3 Rxh5 35. exf6 Qe3+
0-1

[Event "1700-2000"]
[Site "SchemingMind.com"]
[Date "2009.05.24"]
[Round "-"]
[White "Siebold"]
[Black "Zagloba"]
[Result "0-1"]
[WhiteCountry "NED"]
[BlackCountry "POL"]
[WhiteElo "1771"]
[WhiteRD "84"]
[BlackElo "1806"]
[BlackRD "73"]
[GameID "205871"]

1. Nc3 g6 2. e4 Bg7 3. Bc4 d6 4. Nge2 e6 5. Bb3 Nd7 6. O-O Ne7 7. d3 b6 8. Ng3 O-O 9. f4 Nc5 10. f5 exf5
11. Bg5 Nxb3 12. axb3 f6 13. Bd2 fxe4 14. dxe4 Bb7 15. Qg4 Bc8 16. Qh4 g5 17. Qh5 Qe8 18. Qe2 Ng6 19. Nd5 Be6 20. Qa6 Bxd5
21. exd5 Qc8 22. Qe2 Re8 23. Qf3 Ne5 24. Qc3 h6 25. Nf5 Qd7 26. Rae1 Ng6 27. Re6 Rxe6 28. dxe6 Qxe6 29. Qxc7 Bf8 30. Bc3 Qc8
31. Qxc8 Rxc8 32. Re1 Ne5 33. Rd1 Rd8 34. h4 d5 35. Kf2 Kf7 36. hxg5 hxg5 37. Rh1 Kg6 38. Nd4 Bc5 39. Kg3 f5 40. Ne6 f4+
41. Nxf4+ gxf4+ 42. Kxf4 Nf7 43. Re1 Bd6+ 44. Kg4 Nh6+ 45. Kh3 Kh5 46. Re6 Bf4 47. Re7 Rg8 48. Be5 Rg3+
0-1

[Event "1700-2000"]
[Site "SchemingMind.com"]
[Date "2009.05.25"]
[Round "-"]
[White "Siebold"]
[Black "emvarela"]
[Result "1-0"]
[WhiteCountry "NED"]
[BlackCountry "ARG"]
[WhiteElo "1832"]
[WhiteRD "86"]
[BlackElo "1793"]
[BlackRD "85"]
[GameID "205872"]

1. Nc3 d5 2. e4 dxe4 3. Nxe4 b6 4. Qf3 Bb7 5. Nf6+ Nxf6 6. Qxb7 Nbd7 7. Nf3 Qc8 8. Qc6 e6 9. d4 Bd6 10. Ne5 O-O
11. f4 Bxe5 12. fxe5 Nd5 13. a3 f6 14. Qxe6+ Kh8 15. Qxd5 fxe5 16. Bg5 exd4 17. O-O-O c5 18. Bd3 Nf6 19. Bxf6 Rxf6 20. Rdf1 Re6
21. Bf5 Qc6 22. Bxe6 Qxd5 23. Bxd5 Rd8 24. Rf7
1-0

[Event "1700-2000"]
[Site "SchemingMind.com"]
[Date "2009.05.24"]
[Round "-"]
[White "Orhany24"]
[Black "Siebold"]
[Result "1-0"]
[WhiteCountry "TUR"]
[BlackCountry "NED"]
[WhiteElo "1751"]
[WhiteRD "74"]
[BlackElo "1791"]
[BlackRD "87"]
[GameID "205873"]

1. e4 Nc6 2. Nf3 e5 3. Bc4 Bc5 4. c3 Bb6 5. d4 Nge7 6. O-O Ng6 7. Ng5 d5 8. exd5 Na5 9. Bb5+ c6 10. dxc6 bxc6
11. Qf3 O-O 12. Bxc6 Nxc6 13. Qxc6 Ba6 14. Rd1 exd4 15. cxd4 Bxd4 16. Rxd4 Qxd4 17. Qxa6 Rac8 18. Nc3 Rxc3 19. bxc3 Qxc3 20. Rb1 Qc2
21. Qb5 Rd8 22. Be3 h6 23. Nf3
1-0

[Event "1700-2000"]
[Site "SchemingMind.com"]
[Date "2009.05.26"]
[Round "-"]
[White "jdcald13"]
[Black "Siebold"]
[Result "1-0"]
[WhiteCountry "USA"]
[BlackCountry "NED"]
[WhiteElo "2006"]
[WhiteRD "65"]
[BlackElo "1791"]
[BlackRD "87"]
[GameID "205874"]

1. c4 Nc6 2. Nc3 e5 3. g3 Bc5 4. Bg2 Nge7 5. a3 a6 6. b4 Ba7 7. Nf3 Ng6 8. O-O O-O 9. Bb2 d6 10. e3 f5
11. d4 f4 12. dxe5 fxe3 13. exd6 exf2+ 14. Kh1 Bg4 15. h3 Bxf3 16. Bxf3 Qg5 17. Qd5+ Qxd5 18. Bxd5+ Kh8 19. dxc7 Nd4 20. Bxb7 Rac8
21. Bxc8 Rxc8 22. Nd5 Nc2 23. c5 Nxa1 24. Bxa1
1-0

[Event "1700-2000"]
[Site "SchemingMind.com"]
[Date "2009.05.24"]
[Round "-"]
[White "pawngrabber"]
[Black "Siebold"]
[Result "1-0"]
[WhiteCountry "ENG"]
[BlackCountry "NED"]
[WhiteElo "1993"]
[WhiteRD "81"]
[BlackElo "1814"]
[BlackRD "82"]
[GameID "205875"]

1. d4 Nc6 2. e4 e5 3. d5 Nce7 4. Nf3 Ng6 5. Bc4 Bc5 6. O-O Nf6 7. Nc3 a6 8. Bg5 d6 9. Qd3 O-O 10. Ne2 h6
11. Be3 Bxe3 12. fxe3 Nh7 13. Ng3 Nh4 14. Nf5 Bxf5 15. exf5 Nxf3+ 16. Rxf3 f6 17. Rg3 Kh8 18. Qe4 Rc8 19. Rf1 c6 20. dxc6 bxc6
21. Bxa6 Ra8 22. Qxc6 Qa5 23. Qb7 Rg8 24. Rxg7 Rxg7 25. Qxa8+ Rg8 26. Qc6 Qd2 27. Bc4 Qxc2 28. Qd5 Rc8 29. b3 Qc3 30. Qd3 Qb4
31. Rd1 Rc6 32. Qd5 Qb6 33. Qg8#
1-0

[Event "1700-2000"]
[Site "SchemingMind.com"]
[Date "2009.05.28"]
[Round "-"]
[White "smothered mate"]
[Black "Siebold"]
[Result "1-0"]
[WhiteCountry "POL"]
[BlackCountry "NED"]
[WhiteElo "1904"]
[WhiteRD "58"]
[BlackElo "1791"]
[BlackRD "87"]
[GameID "205876"]

1. e4 Nc6 2. d4 e5 3. d5 Nce7 4. f4 exf4 5. Bxf4 Ng6 6. Bg3 Bc5 7. Nf3 Nf6 8. e5 Ng4 9. h3 Ne3 10. Qd3 d6
11. exd6 O-O 12. dxc7 Qf6 13. Nc3 Re8 14. Kd2 Bf5 15. Qb5 Nxf1+ 16. Raxf1 Be3+ 17. Kd1 Be4 18. Nxe4 Rxe4 19. Nd2 Qd4 20. Qd3 Bxd2
21. Kxd2 Rae8 22. Re1 Qb4+ 23. Kd1 f5 24. d6 Qxb2 25. Qb3+
1-0

[Event "1700-2000"]
[Site "SchemingMind.com"]
[Date "2009.05.24"]
[Round "-"]
[White "Schaakmaatje"]
[Black "Siebold"]
[Result "0-1"]
[WhiteCountry "NED"]
[BlackCountry "NED"]
[WhiteElo "1736"]
[WhiteRD "50"]
[BlackElo "1801"]
[BlackRD "85"]
[GameID "205877"]

1. d4 Nc6 2. Bg5 f6 3. Bh4 e5 4. e3 d6 5. c3 Nh6 6. Bd3 Kf7 7. d5 Ne7 8. c4 g5 9. Bg3 Bg7 10. h3 Bf5
11. Nc3 c5 12. Nge2 Qb6 13. Rb1 Bxd3 14. Qxd3 Nhf5 15. Bh2 h5 16. e4 Nd4 17. Nxd4 cxd4 18. Ne2 Qa5+ 19. b4 Qxa2 20. O-O Rac8
21. Rfc1 Qa6 22. Ra1 Qb6 23. Ra4 a6 24. Qa3 f5 25. c5 Qc7 26. exf5 Nxf5 27. c6 bxc6 28. Rxc6 Qb7 29. Raxa6 Ra8 30. Qa5 Kg6
31. b5 Rxa6 32. Qxa6 Qxa6 33. bxa6 Rd8 34. g4 Nh4 35. Bg3 Nf3+ 36. Kg2 Ne1+ 37. Kf1 Nd3 38. Nc1 Nb4 39. Rb6 Nxd5 40. Rb7 Ra8
41. a7 hxg4 42. hxg4 Bf6 43. Nb3 Bd8 44. Rb8 Nb6 45. Rxd8 Rxd8
0-1

[Event "1700-2000"]
[Site "SchemingMind.com"]
[Date "2009.05.28"]
[Round "-"]
[White "iwegiel"]
[Black "Siebold"]
[Result "1-0"]
[WhiteCountry "POL"]
[BlackCountry "NED"]
[WhiteElo "1952"]
[WhiteRD "76"]
[BlackElo "1771"]
[BlackRD "84"]
[GameID "205878"]

1. b4 Nc6 2. b5 Ne5 3. e4 Ng6 4. Nf3 e5 5. Bb2 Nf6 6. Nxe5 Qe7 7. Nxg6 hxg6 8. e5 d6 9. Qe2 Ng4 10. exd6 Qxe2+
11. Bxe2 Bxd6 12. h3 Nf6 13. Na3 Bf5 14. O-O O-O-O 15. d3 Rh7 16. Bf3 g5 17. Nc4 g4 18. Nxd6+ cxd6 19. Bxf6 gxf6 20. Bxg4 Bxg4
21. hxg4 Rdh8 22. f3 f5 23. gxf5 Rh5 24. Kf2 Rxf5 25. a4 Kd7 26. c4 d5 27. g4 Rg5 28. Kg3 f5 29. Kf4 Rhg8 30. gxf5 Rg2
31. Ke5 dxc4 32. dxc4 Rb8 33. Rfd1+ Ke7 34. f6+ Kf8 35. Rd4 Re2+ 36. Re4 Rf2 37. f4 Rd8 38. Ke6 Re8+ 39. Kf5 Rxe4 40. Kxe4 Rc2
41. Kd5 Rd2+ 42. Ke6 Re2+ 43. Kd6 Kf7 44. Kc7
1-0

[Event "1700-2000"]
[Site "SchemingMind.com"]
[Date "2009.05.24"]
[Round "-"]
[White "Zagloba"]
[Black "Siebold"]
[Result "0-1"]
[WhiteCountry "POL"]
[BlackCountry "NED"]
[WhiteElo "1822"]
[WhiteRD "74"]
[BlackElo "1814"]
[BlackRD "82"]
[GameID "205879"]

1. Nf3 Nc6 2. e4 e5 3. d4 exd4 4. Nxd4 Qh4 5. Nc3 Bb4 6. Be2 Qxe4 7. O-O Bxc3 8. bxc3 Nge7 9. Nb5 Kd8 10. Re1 Qh4
11. Ba3 a6 12. Nd4 d6 13. Nxc6+ Nxc6 14. Bf3 Bd7 15. Rb1 Kc8 16. Qd5 Be6 17. Rxe6 fxe6 18. Qxe6+ Kd8 19. Bxd6 cxd6 20. Qxd6+ Ke8
21. Bxc6+ bxc6 22. Rb7 Qf6 23. Qd7+ Kf8 24. Rc7 Re8 25. g3 h5 26. Rxc6 Qe7 27. Qf5+ Qf7 28. Qc5+ Qe7 29. Qf5+ Kg8 30. Qd5+ Qf7
0-1

[Event "1700-2000"]
[Site "SchemingMind.com"]
[Date "2009.05.24"]
[Round "-"]
[White "emvarela"]
[Black "Siebold"]
[Result "1-0"]
[WhiteCountry "ARG"]
[BlackCountry "NED"]
[WhiteElo "1790"]
[WhiteRD "80"]
[BlackElo "1771"]
[BlackRD "84"]
[GameID "205880"]

1. Nf3 Nc6 2. g3 e5 3. d3 Bc5 4. Bg2 Nge7 5. O-O Ng6 6. e4 O-O 7. Nc3 a6 8. Qe2 d6 9. Be3 Bxe3 10. Qxe3 f5
11. exf5 Bxf5 12. Qg5 Qd7 13. Nh4 Nxh4 14. Qxh4 Rf6 15. Nd5 Rh6 16. Qxh6 gxh6 17. Nf6+ Kf7 18. Nxd7 Bxd7 19. f4 Ke7 20. fxe5 dxe5
21. Be4 Rg8 22. Bxh7 Rg7 23. Be4 Nb4 24. Rf2 c6 25. a3 Nd5 26. c4 Nf6 27. Bf5 Bxf5 28. Rxf5 Ke6 29. Raf1 Ng4 30. R1f3 Rg6
31. h3 Nf6 32. g4 h5 33. g5 Nd7 34. h4 Rg8 35. b4 b5 36. c5 a5 37. Rf7 axb4 38. axb4 Ra8 39. Rh7 Ra3 40. Rh6+ Ke7
41. Rxc6 e4 42. Re3 Rxd3 43. Rxe4+
1-0

[Event "1700-2000"]
[Site "SchemingMind.com"]
[Date "2009.05.26"]
[Round "-"]
[White "Milan"]
[Black "Orhany24"]
[Result "1-0"]
[WhiteCountry "CZE"]
[BlackCountry "TUR"]
[WhiteElo "1788"]
[WhiteRD "61"]
[BlackElo "1723"]
[BlackRD "74"]
[GameID "205912"]

1. d4 d5 2. Nf3 c5 3. dxc5 Nc6 4. Nc3 Nf6 5. e3 e5 6. Bb5 e4 7. Ne5 Bd7 8. Nxd7 Qxd7 9. Bxc6 bxc6 10. b4 a5
11. O-O axb4 12. Ne2 Bxc5 13. Bb2 Be7 14. c3 bxc3 15. Bxc3 O-O 16. a4 Ra6 17. Nd4 Rfa8 18. Qc2 g6 19. Rfb1 Ne8 20. Bd2 Nd6
21. Nb3 Nc4 22. Qc1 Rxa4 23. Rxa4 Rxa4 24. Bc3 Ra8 25. Bd4 Bf8 26. Nc5 Qg4 27. h3 Qf5 28. Rb7 Bg7 29. Bxg7 Kxg7 30. Qc3+ Kh6
31. g4 Qf3 32. Ne6 fxe6 33. Qg7+ Kg5 34. Qe7+ Kh6 35. Qh4#
1-0

[Event "1700-2000"]
[Site "SchemingMind.com"]
[Date "2009.05.25"]
[Round "-"]
[White "Milan"]
[Black "jdcald13"]
[Result "1/2-1/2"]
[WhiteCountry "CZE"]
[BlackCountry "USA"]
[WhiteElo "1788"]
[WhiteRD "61"]
[BlackElo "1971"]
[BlackRD "66"]
[GameID "205913"]

1. d4 e6 2. Nf3 f5 3. Bg5 Nf6 4. c3 h6 5. Bxf6 Qxf6 6. Nbd2 c5 7. dxc5 Bxc5 8. e3 O-O 9. Be2 b6 10. O-O Bb7
11. Nb3 Be7 12. Qd4 Rd8 13. Qxf6 Bxf6 14. Rfd1 Nc6 15. Nbd4 Rac8 16. Nxc6 dxc6 17. Rxd8+ Rxd8 18. Rd1 Rxd1+ 19. Bxd1 Kf7 20. Nd4 Ke7
21. Bb3 Bxd4 22. exd4 Kd6 23. f4 c5 24. dxc5+ bxc5 25. Kf2 e5 26. fxe5+ Kxe5 27. g3 f4 28. Bc2 g5 29. a3 a5 30. Bd1 Bd5
31. b4 axb4 32. axb4 cxb4 33. cxb4 Bc6 34. Be2 Kf5 35. b5 fxg3+ 36. hxg3 Bb7 37. Bf3 Bc8 38. b6 g4 39. Ba8 h5 40. b7 Bxb7=
1/2-1/2

[Event "1700-2000"]
[Site "SchemingMind.com"]
[Date "2009.05.25"]
[Round "-"]
[White "Milan"]
[Black "pawngrabber"]
[Result "0-1"]
[WhiteCountry "CZE"]
[BlackCountry "ENG"]
[WhiteElo "1800"]
[WhiteRD "58"]
[BlackElo "1911"]
[BlackRD "85"]
[GameID "205914"]

1. d4 Nf6 2. Nf3 d5 3. e3 g6 4. Be2 Bg7 5. O-O O-O 6. Nbd2 Nbd7 7. b4 Ne8 8. a3 c5 9. bxc5 Nxc5 10. Rb1 Na4
11. Bb2 Nxb2 12. Rxb2 Qc7 13. c4 dxc4 14. Nxc4 Nd6 15. Nxd6 Qxd6 16. a4 b6 17. Qd2 Bb7 18. Rc1 Rac8 19. Rbc2 Rxc2 20. Rxc2 Rc8
21. Rxc8+ Bxc8 22. Qc2 Bb7 23. h3 Qc6 24. Ne1 e5 25. dxe5 Bxe5 26. Qxc6 Bxc6 27. Bb5 Bd5 28. Nd3 Bc3 29. Nf4 Bb3 30. Kf1 a6
31. Bxa6 Bxa4 32. Nd5 Ba5 33. Ke2 b5 34. Kd3 b4 35. Bc4 Kf8 36. f4 b3 37. Nc3 b2 38. Ba2 Bc6 39. Bb1 Bxg2 40. h4 Bd8
41. Nd1 f5 42. Kc2 Bxh4 43. Kxb2 Bg3 44. Kc3 h5 45. Kd4 h4 46. e4 h3
0-1

[Event "1700-2000"]
[Site "SchemingMind.com"]
[Date "2009.05.29"]
[Round "-"]
[White "Milan"]
[Black "smothered mate"]
[Result "0-1"]
[WhiteCountry "CZE"]
[BlackCountry "POL"]
[WhiteElo "1788"]
[WhiteRD "61"]
[BlackElo "1869"]
[BlackRD "55"]
[GameID "205915"]

1. d4 d5 2. Nf3 Bf5 3. e3 e6 4. c4 Nc6 5. Qb3 Nb4 6. Na3 a5 7. Bd2 a4 8. Qd1 Nf6 9. c5 Nd3+ 10. Bxd3 Bxd3
11. Bc3 Ba6 12. Nc2 Ne4 13. Nb4 Nxc3 14. bxc3 Bb5 15. a3 b6 16. cxb6 cxb6 17. Ne5 f6 18. Ned3 Qc7 19. Rc1 Bd6 20. h3 Qc4
21. Nb2 Qc7 22. N2d3 Kf7 23. Qf3 Bxd3 24. Nxd3 Bxa3 25. Ra1 Qxc3+ 26. Ke2 Qc2+
0-1

[Event "1700-2000"]
[Site "SchemingMind.com"]
[Date "2009.05.24"]
[Round "-"]
[White "Milan"]
[Black "Schaakmaatje"]
[Result "1/2-1/2"]
[WhiteCountry "CZE"]
[BlackCountry "NED"]
[WhiteElo "1788"]
[WhiteRD "61"]
[BlackElo "1769"]
[BlackRD "51"]
[GameID "205916"]

1. d4 d5 2. c4 c6 3. Nf3 e6 4. Nc3 f5 5. Bg5 Nf6 6. e3 Be7 7. Bd3 O-O 8. O-O Ne4 9. Bxe7 Qxe7 10. cxd5 exd5
11. Ne5 Be6 12. f4 Nd7 13. Kh1 Rf6 14. Nxe4 fxe4 15. Nxd7 Qxd7 16. Be2 Raf8 17. g4 g6 18. g5 R6f7 19. Rg1 b6 20. Bg4 Bxg4
21. Qxg4 Rf5=
1/2-1/2

[Event "1700-2000"]
[Site "SchemingMind.com"]
[Date "2009.05.29"]
[Round "-"]
[White "Milan"]
[Black "iwegiel"]
[Result "0-1"]
[WhiteCountry "CZE"]
[BlackCountry "POL"]
[WhiteElo "1788"]
[WhiteRD "61"]
[BlackElo "1877"]
[BlackRD "72"]
[GameID "205917"]

1. d4 Nf6 2. Nf3 d6 3. c4 c6 4. Nc3 Nbd7 5. e4 e5 6. d5 cxd5 7. cxd5 Be7 8. Bb5 O-O 9. O-O Nc5 10. Be3 Ncxe4
11. Nxe4 Nxe4 12. Nd2 Nf6 13. Bc4 Ng4 14. Be2 Nxe3 15. fxe3 f5 16. e4 Bg5 17. exf5 Bxf5 18. Bf3 Qb6+ 19. Kh1 Bd3 20. Be2 Bxe2
21. Qxe2 Qxb2 22. Rxf8+ Rxf8
0-1

[Event "1700-2000"]
[Site "SchemingMind.com"]
[Date "2009.05.24"]
[Round "-"]
[White "Milan"]
[Black "Siebold"]
[Result "1-0"]
[WhiteCountry "CZE"]
[BlackCountry "NED"]
[WhiteElo "1813"]
[WhiteRD "63"]
[BlackElo "1791"]
[BlackRD "87"]
[GameID "205918"]

1. d4 Nc6 2. Nf3 d6 3. c4 g6 4. e3 Bg7 5. Be2 Bf5 6. O-O e5 7. dxe5 Nxe5 8. Nxe5 Bxe5 9. f4 Bg7 10. Bd3 Qd7
11. Qc2 Ne7 12. e4 Bg4 13. Be2 Bxe2 14. Qxe2 O-O 15. Rd1 Rfe8 16. e5 Nc6 17. Qf1 Qe6 18. exd6 Bd4+ 19. Kh1 Qxd6 20. Nc3 Rad8
21. Nb5 Qf6 22. Nxc7 Re4 23. Nd5 Qf5 24. Bd2 Bg7 25. g3 Nd4 26. Bc3 Rxd5 27. cxd5 Qxd5 28. Qg2 f5 29. Bxd4 Bxd4 30. b3 Qe6
31. Rac1 h5 32. h4 Re2 33. Qxb7 Bg7 34. Qc8+ Qxc8 35. Rxc8+ Kh7 36. Rc7 Kh6 37. Rxa7
1-0

[Event "1700-2000"]
[Site "SchemingMind.com"]
[Date "2009.05.24"]
[Round "-"]
[White "Milan"]
[Black "Zagloba"]
[Result "0-1"]
[WhiteCountry "CZE"]
[BlackCountry "POL"]
[WhiteElo "1790"]
[WhiteRD "56"]
[BlackElo "1847"]
[BlackRD "75"]
[GameID "205919"]

1. d4 f5 2. e4 fxe4 3. Nc3 Nf6 4. Bg5 e6 5. Nxe4 Be7 6. Nxf6+ Bxf6 7. Bxf6 Qxf6 8. c3 O-O 9. Nf3 d5 10. Bd3 Nd7
11. Qd2 e5 12. O-O-O e4 13. Ng5 exd3
0-1

[Event "1700-2000"]
[Site "SchemingMind.com"]
[Date "2009.05.24"]
[Round "-"]
[White "Milan"]
[Black "emvarela"]
[Result "1-0"]
[WhiteCountry "CZE"]
[BlackCountry "ARG"]
[WhiteElo "1880"]
[WhiteRD "66"]
[BlackElo "1816"]
[BlackRD "91"]
[GameID "205920"]

1. d4 Nf6 2. c4 g6 3. Nf3 Bg7 4. e3 d5 5. cxd5 Qxd5 6. Nc3 Qh5 7. Be2 O-O 8. Ne5 Qg5 9. e4 Qxg2 10. Bf3 Qh3
11. Nd5 Nxd5 12. exd5 Nd7 13. Nxd7 Bxd7 14. Be3 c5 15. dxc5 Bxb2 16. Rb1 Ba4 17. Qe2 Bc3+ 18. Bd2 Bxd2+ 19. Kxd2 Rfd8 20. Rxb7 Qf5
21. Qe4 Qg5+ 22. Ke2 a6 23. Qxa4 Qe5+ 24. Qe4 Qc3 25. c6 Qa3 26. Re1 Qxa2+ 27. Kf1 e6 28. dxe6 fxe6 29. Qe5 Qc4+ 30. Kg1
1-0

[Event "1700-2000"]
[Site "SchemingMind.com"]
[Date "2009.05.26"]
[Round "-"]
[White "Orhany24"]
[Black "Milan"]
[Result "1-0"]
[WhiteCountry "TUR"]
[BlackCountry "CZE"]
[WhiteElo "1755"]
[WhiteRD "74"]
[BlackElo "1800"]
[BlackRD "58"]
[GameID "205921"]

1. e4 c5 2. Nf3 Nf6 3. e5 Nd5 4. c3 Nc6 5. d4 cxd4 6. cxd4 e6 7. Nc3 Nxc3 8. bxc3 d6 9. exd6 Bxd6 10. Bd3 Qc7
11. O-O Ne7 12. Bb2 e5 13. h3 exd4 14. cxd4 h6 15. Rc1 Qa5 16. Bb1 Bd7 17. Re1 O-O 18. Nh4 Qg5 19. Qd3 g6 20. Nf3 Qf5
21. Qc3 Rfc8 22. Bxf5
1-0

[Event "1700-2000"]
[Site "SchemingMind.com"]
[Date "2009.05.25"]
[Round "-"]
[White "jdcald13"]
[Black "Milan"]
[Result "1-0"]
[WhiteCountry "USA"]
[BlackCountry "CZE"]
[WhiteElo "1971"]
[WhiteRD "66"]
[BlackElo "1788"]
[BlackRD "61"]
[GameID "205922"]

1. c4 c5 2. Nc3 e6 3. g3 a6 4. Bg2 Nc6 5. Nf3 Nf6 6. O-O Be7 7. a3 O-O 8. d4 cxd4 9. Nxd4 Nxd4 10. Qxd4 Qc7
11. Bf4 Qc5 12. Qd3 Nh5 13. Be3 Qd6 14. Rfd1 Qxd3 15. Rxd3 Nf6 16. Rad1 h6 17. Na4 Bd8 18. Bb6 Be7 19. c5 Ng4 20. Bc7 a5
21. h3 Nf6 22. Nb6 Ra6 23. Nxc8 Rxc8 24. Bxb7 Rxc7 25. Bxa6 Bxc5 26. Kg2 Be7 27. Rb3 d5 28. Rb8+ Bf8 29. b4 axb4 30. axb4 Nd7
31. Rd8 Nb8 32. Rxb8
1-0

[Event "1700-2000"]
[Site "SchemingMind.com"]
[Date "2009.05.24"]
[Round "-"]
[White "pawngrabber"]
[Black "Milan"]
[Result "1-0"]
[WhiteCountry "ENG"]
[BlackCountry "CZE"]
[WhiteElo "1911"]
[WhiteRD "85"]
[BlackElo "1800"]
[BlackRD "58"]
[GameID "205923"]

1. d4 d5 2. c4 c6 3. e3 Nf6 4. Nc3 a6 5. a4 Bf5 6. Nf3 e6 7. Bd2 Be7 8. Be2 dxc4 9. Bxc4 O-O 10. O-O h6
11. Qb3 Qc7 12. Rfe1 Ne4 13. Nxe4 Bxe4 14. Ne5 Bd5 15. e4 Bxc4 16. Qxc4 Bd6 17. Re3 Bxe5 18. dxe5 Qxe5 19. Rg3 Qh5 20. Rh3 Qe5
21. Bc3 Qc7 22. Qe2 f5 23. exf5 exf5 24. Rg3 g5 25. Qe6+ Qf7 26. Qxh6
1-0

[Event "1700-2000"]
[Site "SchemingMind.com"]
[Date "2009.05.29"]
[Round "-"]
[White "smothered mate"]
[Black "Milan"]
[Result "1/2-1/2"]
[WhiteCountry "POL"]
[BlackCountry "CZE"]
[WhiteElo "1869"]
[WhiteRD "55"]
[BlackElo "1788"]
[BlackRD "61"]
[GameID "205924"]

1. e4 c5 2. c3 Nf6 3. e5 Nd5 4. g3 e6 5. Bg2 Qc7 6. Qe2 Be7 7. Nf3 d6 8. O-O O-O 9. d3 dxe5 10. Nxe5 Bf6
11. Ng4 Be7 12. c4 Nf6 13. Bf4 Qd8 14. Ne5 Nbd7 15. Nc3 a6 16. h3 Nxe5 17. Bxe5 Bd6 18. f4 Rb8 19. Ne4 Nxe4 20. Bxe4 Bxe5
21. fxe5 Qg5 22. Kh2 b5 23. Rf4 g6 24. Bg2 Bb7 25. Bxb7 Rxb7 26. Qe4 Rd7 27. h4 Qh5 28. cxb5 axb5 29. Re1 Rd4 30. Qe3 Rfd8
31. Rxd4 Rxd4 32. Rc1 Qf5 33. Rc3 b4 34. Rxc5 Qxd3 35. Rc8+ Kg7 36. Qf2=
1/2-1/2

[Event "1700-2000"]
[Site "SchemingMind.com"]
[Date "2009.05.24"]
[Round "-"]
[White "Schaakmaatje"]
[Black "Milan"]
[Result "0-1"]
[WhiteCountry "NED"]
[BlackCountry "CZE"]
[WhiteElo "1710"]
[WhiteRD "50"]
[BlackElo "1813"]
[BlackRD "63"]
[GameID "205925"]

1. e4 c5 2. Nf3 Nf6 3. e5 Nd5 4. Bc4 Nb6 5. Bxf7+ Kxf7 6. Ng5+ Kg8 7. Qh5 g6 8. Qf3 Qe8 9. d3 h6 10. Ne4 Qf7
11. Qg3 c4 12. Nbc3 Nc6 13. O-O Bg7 14. f4 e6 15. Nd6 Qf8 16. Qxg6 Ne7 17. Qe4 cxd3 18. cxd3 Ned5 19. Bd2 Nxc3 20. bxc3 Nd5
21. c4 Ne7 22. Bb4 Nf5 23. c5 Nxd6 24. cxd6 Qf5 25. Qxf5 exf5 26. d4 b6 27. d5 Bb7 28. Rad1 Kf7 29. Rf3 Rac8 30. Re3 Rc4
31. e6+ dxe6 32. dxe6+ Kg6 33. Rb3 Bd4+ 34. Kf1 Ba6 35. Ke1 Rxb4 36. Rxb4 Bc3+ 37. Kf2 Bxb4 38. d7 Be7 39. Rc1 Kf6
0-1

[Event "1700-2000"]
[Site "SchemingMind.com"]
[Date "2009.05.29"]
[Round "-"]
[White "iwegiel"]
[Black "Milan"]
[Result "1/2-1/2"]
[WhiteCountry "POL"]
[BlackCountry "CZE"]
[WhiteElo "1889"]
[WhiteRD "74"]
[BlackElo "1813"]
[BlackRD "63"]
[GameID "205926"]

1. b4 d5 2. Bb2 e6 3. b5 a6 4. a4 axb5 5. axb5 Rxa1 6. Bxa1 Nf6 7. e3 Be7 8. Nf3 O-O 9. c4 dxc4 10. Bxc4 c6
11. Nc3 c5 12. O-O b6 13. Qb3 Bb7 14. Be2 Nd5 15. d4 Nxc3 16. Bxc3 Bd5 17. Qb2 cxd4 18. Bxd4 Nd7 19. Bxg7 Bf6 20. Bxf6 Qxf6
21. Qxf6 Nxf6 22. Rc1 Ra8 23. Nd4 Nd7 24. f3 Nc5 25. Rc2 Bb3 26. Nxb3 Nxb3 27. Kf2 Nc5 28. e4 Kf8 29. Rc3 Kg7 30. Ke3 Rd8
31. f4 f6 32. g4 e5 33. h4 Rd4 34. Bf3 Rb4=
1/2-1/2

[Event "1700-2000"]
[Site "SchemingMind.com"]
[Date "2009.05.24"]
[Round "-"]
[White "Siebold"]
[Black "Milan"]
[Result "0-1"]
[WhiteCountry "NED"]
[BlackCountry "CZE"]
[WhiteElo "1814"]
[WhiteRD "82"]
[BlackElo "1880"]
[BlackRD "66"]
[GameID "205927"]

1. Nc3 c5 2. Nf3 Nf6 3. d4 cxd4 4. Nxd4 Nc6 5. Bg5 h6 6. Bh4 Nxd4 7. Qxd4 e6 8. O-O-O a6 9. e4 Be7 10. e5 Nd5
11. Nxd5 Bxh4 12. Nb6 Rb8 13. g3 Be7 14. f4 Qc7 15. Nc4 O-O 16. Bh3 Bc5 17. Qd3 b5 18. Nd6 Bxd6 19. exd6 Qc5 20. f5 Bb7
21. Rhf1 Bd5 22. Rf4 Rbc8 23. f6 g6 24. Rh4 h5 25. g4 Be4 26. Qxe4 Qg5+ 27. Kb1 Qxh4 28. Qg2 hxg4 29. Bxg4 Qxf6 30. a3 Qg5
31. Qe2 Rc5 32. h4 Qxh4 33. Rd3 Rc4 34. Bf3 Rfc8 35. c3 a5 36. Rd1 b4 37. Rh1 Qf4 38. axb4 axb4 39. Qg2 bxc3 40. bxc3 Rxc3
0-1

[Event "1700-2000"]
[Site "SchemingMind.com"]
[Date "2009.05.24"]
[Round "-"]
[White "Zagloba"]
[Black "Milan"]
[Result "1/2-1/2"]
[WhiteCountry "POL"]
[BlackCountry "CZE"]
[WhiteElo "1819"]
[WhiteRD "75"]
[BlackElo "1800"]
[BlackRD "58"]
[GameID "205928"]

1. Nf3 c5 2. e4 Nf6 3. Nc3 d5 4. exd5 Nxd5 5. Bb5+ Bd7 6. Ne5 Nf6 7. Qf3 Qc8 8. Nxd7 Nbxd7 9. O-O e6 10. d3 Be7
11. Bf4 a6 12. Ba4 b5 13. Bb3 O-O 14. a4 b4 15. Nd1 a5 16. Ne3 Nb6 17. g4 Qd7 18. Kh1 Nfd5 19. Bg3 Rac8 20. Bc4 Nxc4
21. Nxc4 Ra8 22. Rae1 Ra6 23. Qg2 Nb6 24. Nxb6 Rxb6 25. b3 Qb7 26. Be5 Qxg2+ 27. Kxg2 Bd6 28. f4 Bxe5 29. Rxe5 Rc6 30. Kf3 Rd8
31. Rfe1 Kf8 32. R1e4 Rd5 33. Ke3 Rxe5 34. fxe5 h6 35. Rc4 Ke7 36. Ke4 Kd7 37. h4 g6 38. d4 cxd4 39. Kxd4 Rxc4+ 40. bxc4 Kc6
41. g5 h5 42. c5 Kc7 43. Kd3 Kb7 44. c6+ Kxc6=
1/2-1/2